000 00478 a2200181 4500
001 130332
022 _a1679-656X
040 _cLeonardo Da Vinci
041 _aInglês
_aInglês
082 _aSAM 2010
_b2010
245 _aScientific American 259
260 _bSciam
_cDez. 1988
_aNew York
300 _a104
362 _a20100702
490 _aScientific American
_v259
697 _aGestão
_aFase geométrica
_aCérebro
_aTerra
_aAdubação
_aCiências
_aGhemat
942 _cCR
999 _c130332
_d130332